[Event "Bad Wiessee Senioren Cup 8th"]
[Site "Bad Wiessee"]
[Date "2019.05.18"]
[Round "8"]
[White "Kreie, Guenther"]
[Black "Braeu, Emmi"]
[Result "1-0"]
[WhiteElo "1809"]
[BlackElo "1504"]
[PlyCount "51"]
[EventDate "2019.05.11"]
[EventType "swiss"]
[EventRounds "9"]
[EventCountry "GER"]
[SourceTitle "EXT 2020"]
[Source "ChessBase"]
[SourceDate "2019.10.17"]
[SourceVersion "1"]
[SourceVersionDate "2019.10.17"]
[SourceQuality "1"]

1. e4 c5 2. d4 cxd4 3. c3 e6 4. cxd4 Bb4+ 5. Bd2 Bxd2+ 6. Qxd2 Ne7 7. Nc3 d5 8. e5 0-0 9. Bd3 Nbc6 10. Nf3 h6 11. Rc1 Bd7 12. Nb5 Nc8 13. 0-0 a6 14. Nc3 N8e7 15. Bb1 Rc8 16. g4 Ng6 17. Kh1 Nh4 18. Nxh4 Qxh4 19. Rg1 f6 20. Qd3 f5 21. Rg3 Ne7 22. Rcg1 Ng6 23. gxf5 Nf4 24. Rxg7+ Kh8 25. Qg3 Bc6 26. fxe6 1-0

[Event "Bad Wiessee Senioren Cup 8th"]
[Site "Bad Wiessee"]
[Date "2019.05.15"]
[Round "5"]
[White "Wegener, Wilfried"]
[Black "Kreie, Guenther"]
[Result "1-0"]
[WhiteElo "1627"]
[BlackElo "1809"]
[PlyCount "43"]
[EventDate "2019.05.11"]
[EventType "swiss"]
[EventRounds "9"]
[EventCountry "GER"]
[SourceTitle "EXT 2020"]
[Source "ChessBase"]
[SourceDate "2019.10.17"]
[SourceVersion "1"]
[SourceVersionDate "2019.10.17"]
[SourceQuality "1"]

1. d4 d5 2. c4 e6 3. Nc3 Nf6 4. Bg5 Be7 5. e3 Nbd7 6. Nf3 0-0 7. Rc1 a6 8. cxd5 exd5 9. Bd3 Ne4 10. Bxe7 Qxe7 11. 0-0 Re8 12. Bb1 Nf8 13. h3 Bf5 14. a3 h6 15. Na4 Nd6 16. Nc5 Bxb1 17. Rxb1 Nc4 18. Nd3 Ng6 19. Re1 Qd6 20. Nc5 b6 21. Nd3 a5 22. Rc1 1-0

[Event "Arber Seniors op 6th"]
[Site "Bayerisch Eisenstein"]
[Date "2018.07.28"]
[Round "1"]
[White "Kreie, Guenther"]
[Black "Fuchs, Michael"]
[Result "0-1"]
[WhiteElo "1797"]
[BlackElo "2082"]
[PlyCount "118"]
[EventDate "2018.07.28"]
[EventType "swiss"]
[EventRounds "9"]
[EventCountry "GER"]
[SourceTitle "CBM 185 Extra"]
[Source "ChessBase"]
[SourceDate "2018.07.29"]
[SourceVersion "1"]
[SourceVersionDate "2018.07.29"]
[SourceQuality "1"]

1. e4 c5 2. d4 cxd4 3. c3 Nf6 4. e5 Nd5 5. Qxd4 e6 6. Nf3 Nc6 7. Qe4 f5 8. exf6 Nxf6 9. Qa4 Be7 10. Be2 0-0 11. 0-0 b6 12. Be3 Bb7 13. Nbd2 Nd5 14. Bd3 Nxe3 15. fxe3 Qe8 16. Qg4 Rf6 17. Ng5 Rxf1+ 18. Rxf1 Bxg5 19. Qxg5 Qe7 20. Qf4 d5 21. Rf3 e5 22. Qf5 g6 23. Rg3 Kh8 24. Qg5 Qxg5 25. Rxg5 Kg7 26. Bc2 Kf6 27. h4 Ne7 28. e4 Rd8 29. Rg3 dxe4 30. Nxe4+ Bxe4 31. Bxe4 Rd1+ 32. Kf2 Rd2+ 33. Ke1 Rxb2 34. Rf3+ Kg7 35. Rd3 Rxa2 36. Rd7 Kf6 37. g4 h6 38. g5+ hxg5 39. hxg5+ Ke6 40. Rc7 Kd6 41. Rb7 Ra4 42. Bc2 Rc4 43. Kd2 Rc7 44. Rb8 Ke6 45. Rf8 Rd7+ 46. Ke2 Nd5 47. Bb3 Ke7 48. Rg8 Nf4+ 49. Ke3 Rd3+ 50. Ke4 Rxc3 51. Kxe5 Nd3+ 52. Kd4 Rxb3 53. Rxg6 Kf7 54. Rd6 Nc5 55. g6+ Kg7 56. Rc6 a5 57. Kc4 Rb1 58. Kc3 a4 59. Kc2 Rb5 0-1

[Event "Baden Wuerttemberg-ch Seniors op 2nd"]
[Site "Freudenstadt"]
[Date "2016.07.01"]
[Round "1"]
[White "Schrems, Hermann"]
[Black "Kreie, Guenther"]
[Result "1-0"]
[WhiteElo "2084"]
[BlackElo "1880"]
[PlyCount "101"]
[EventDate "2016.07.01"]
[EventType "swiss"]
[EventRounds "9"]
[EventCountry "GER"]
[SourceTitle "EXT 2019"]
[Source "ChessBase"]
[SourceDate "2018.10.10"]
[SourceVersion "1"]
[SourceVersionDate "2018.10.10"]
[SourceQuality "1"]

1. d4 d5 2. c4 e6 3. Nf3 Nf6 4. g3 Be7 5. Bg2 0-0 6. 0-0 c5 7. cxd5 cxd4 8. dxe6 Bxe6 9. Nxd4 Bd5 10. Bxd5 Qxd5 11. Nc3 Qh5 12. Kg2 Rd8 13. e3 Qg6 14. Qf3 Nc6 15. Nce2 Rac8 16. b3 Bf8 17. Bb2 Ne5 18. Qf5 Nd3 19. Qxg6 fxg6 20. Bc3 Ne4 21. Be1 Re8 22. f3 Nxe1+ 23. Rfxe1 Nc3 24. Kf2 Ba3 25. Nxc3 Rxc3 26. Rad1 a6 27. Re2 Kf7 28. Nc2 Bc5 29. Rd7+ Re7 30. Rxe7+ Kxe7 31. Ke1 Bb6 32. Kd2 Rc7 33. Kd3 Rd7+ 34. Nd4 Kf6 35. Rc2 Rd5 36. Rc4 Rd7 37. f4 g5 38. a4 gxf4 39. gxf4 Rd5 40. Ke4 Rh5 41. Nf3 h6 42. h4 g6 43. Rc8 Ke7 44. Rb8 Kd6 45. Rxb7 Bd8 46. Rg7 a5 47. Rxg6+ Kc5 48. Ra6 Kb4 49. Ra8 Bxh4 50. Rb8+ Kc5 51. Rb5+ 1-0

[Event "Schleswig Holstein-ch Seniors op 9th"]
[Site "Buesum"]
[Date "2015.10.01"]
[Round "4"]
[White "Kreie, Guenther"]
[Black "Ophoff, Rigobert"]
[Result "1/2-1/2"]
[WhiteElo "1843"]
[BlackElo "2009"]
[PlyCount "20"]
[EventDate "2015.09.28"]
[EventType "swiss"]
[EventRounds "9"]
[EventCountry "GER"]
[SourceTitle "EXT 2018"]
[Source "ChessBase"]
[SourceDate "2017.10.13"]
[SourceVersion "1"]
[SourceVersionDate "2017.10.13"]
[SourceQuality "1"]

1. e4 c5 2. Nf3 d6 3. d4 cxd4 4. Nxd4 Nf6 5. Nc3 a6 6. Be2 e5 7. Nb3 Be6 8. f4 Qc7 9. f5 Bc4 10. Bxc4 Qxc4 1/2-1/2

[Event "Schleswig Holstein-ch Seniors op 9th"]
[Site "Buesum"]
[Date "2015.09.29"]
[Round "2"]
[White "Kreie, Guenther"]
[Black "Zechel, Rolf Ruediger"]
[Result "1-0"]
[WhiteElo "1843"]
[BlackElo "1645"]
[PlyCount "25"]
[EventDate "2015.09.28"]
[EventType "swiss"]
[EventRounds "9"]
[EventCountry "GER"]
[SourceTitle "EXT 2018"]
[Source "ChessBase"]
[SourceDate "2017.10.13"]
[SourceVersion "1"]
[SourceVersionDate "2017.10.13"]
[SourceQuality "1"]

1. e4 c5 2. d4 cxd4 3. c3 dxc3 4. Nxc3 Nc6 5. Nf3 e6 6. Bd3 Bb4 7. Bd2 Nge7 8. 0-0 0-0 9. a3 Ba5 10. e5 d5 11. Bxh7+ Kh8 12. Bd3 Ng6 13. Ng5 1-0

[Event "Hessen-ch Seniors op 11th"]
[Site "Bad Sooden-Allendorf"]
[Date "2015.05.16"]
[Round "8"]
[White "Kreie, Guenther"]
[Black "Duijker, Bert"]
[Result "0-1"]
[WhiteElo "1843"]
[BlackElo "1881"]
[PlyCount "131"]
[EventDate "2015.05.09"]
[EventType "swiss"]
[EventRounds "9"]
[EventCountry "GER"]
[SourceTitle "EXT 2018"]
[Source "ChessBase"]
[SourceDate "2017.10.13"]
[SourceVersion "1"]
[SourceVersionDate "2017.10.13"]
[SourceQuality "1"]

1. e4 g6 2. Nc3 Bg7 3. d4 d6 4. Nf3 a6 5. Be2 b5 6. a3 Bb7 7. 0-0 Nd7 8. Be3 Ngf6 9. h3 Nxe4 10. Nxe4 Bxe4 11. c4 bxc4 12. Bxc4 0-0 13. Qe2 Bb7 14. Rfd1 Nb6 15. Bd3 Nd5 16. Bd2 Re8 17. Rac1 e5 18. dxe5 dxe5 19. Bc4 c6 20. Bg5 Qd7 21. Qd2 f6 22. Be3 Kh8 23. Qa5 Qd8 24. Qe1 a5 25. Nd2 Nxe3 26. Qxe3 Qe7 27. Ne4 Rad8 28. Nc5 Ba8 29. Ne6 Rb8 30. Qd2 c5 31. b3 a4 32. bxa4 Bc6 33. Nxg7 Kxg7 34. Bb5 Bxb5 35. axb5 Rxb5 36. Qd7 Ra5 37. Qc6 Rd8 38. a4 Rd4 39. Rb1 Ra7 40. a5 Rc7 41. Qb6 Rxd1+ 42. Rxd1 c4 43. a6 c3 44. Rc1 c2 45. a7 Rxa7 46. Rxc2 Qb7 47. Qc5 Qd7 48. Kh2 h5 49. Qc4 Qd4 50. Qc8 Rd7 51. Rc7 Rf7 52. Rxf7+ Kxf7 53. Qc7+ Ke6 54. Qc6+ Qd6 55. Qe8+ Qe7 56. Qxg6 Qc5 57. Kg1 Qc1+ 58. Kh2 Qf4+ 59. Qg3 Kf5 60. Qxf4+ Kxf4 61. f3 h4 62. Kg1 Kg3 63. Kf1 f5 64. Ke2 Kxg2 65. Ke3 Kxh3 66. Kf2 0-1

[Event "Hessen-ch Seniors op 11th"]
[Site "Bad Sooden-Allendorf"]
[Date "2015.05.15"]
[Round "7"]
[White "Rychlik, Kurt"]
[Black "Kreie, Guenther"]
[Result "1-0"]
[WhiteElo "2069"]
[BlackElo "1843"]
[PlyCount "147"]
[EventDate "2015.05.09"]
[EventType "swiss"]
[EventRounds "9"]
[EventCountry "GER"]
[SourceTitle "EXT 2018"]
[Source "ChessBase"]
[SourceDate "2017.10.13"]
[SourceVersion "1"]
[SourceVersionDate "2017.10.13"]
[SourceQuality "1"]

1. Nf3 d5 2. d3 Nf6 3. Nbd2 e6 4. g3 c5 5. Bg2 Nc6 6. 0-0 Be7 7. e4 dxe4 8. dxe4 e5 9. h3 0-0 10. c3 b6 11. Qe2 Qc7 12. Rd1 Bb7 13. Nf1 Rad8 14. Bg5 h6 15. Bd2 Qc8 16. Nh4 Kh7 17. Nf5 Ba6 18. Qe1 Ng8 19. g4 g6 20. N5e3 Bg5 21. Nd5 Bxd2 22. Rxd2 Rd7 23. Nfe3 Kg7 24. Rad1 Rfd8 25. b3 Qb8 26. f3 Qc8 27. h4 g5 28. Nf5+ Kf8 29. Qe3 f6 30. Kf2 Nce7 31. Nfxe7 Nxe7 32. Nxf6 Rxd2+ 33. Rxd2 Rxd2+ 34. Qxd2 Qe6 35. hxg5 Ng6 36. Qd8+ Kg7 37. gxh6+ Kxh6 38. Nd5 Qc8 39. Qf6 Qf8 40. Qc6 Kg5 41. Qc7 Qa8 42. Qh7 Qh8 43. Qxh8 Nxh8 44. Ke3 Ng6 45. c4 Bb7 46. Bf1 Bc6 47. a3 Bb7 48. Bd3 Bc6 49. Bc2 Bd7 50. b4 Bc6 51. Nc3 Nf4 52. Nd5 Ne6 53. Ne7 Bd7 54. Nf5 Be8 55. b5 Bd7 56. Bd1 Nf4 57. Ne7 Ng6 58. Nc6 a5 59. Nb8 Be6 60. Be2 Nf4 61. Bf1 Ng6 62. Na6 Bc8 63. Nc7 Bb7 64. Nd5 Nf8 65. Nxb6 Ne6 66. Nd7 Nd4 67. Nxe5 Nc2+ 68. Kf2 Nxa3 69. Kg3 Nc2 70. f4+ Kf6 71. g5+ Ke6 72. Bh3+ Ke7 73. Nc6+ Kf7 74. Nd8+ 1-0

[Event "Hessen-ch Seniors op 11th"]
[Site "Bad Sooden-Allendorf"]
[Date "2015.05.09"]
[Round "1"]
[White "Biller, Helmut"]
[Black "Kreie, Guenther"]
[Result "1/2-1/2"]
[WhiteElo "2088"]
[BlackElo "1843"]
[PlyCount "54"]
[EventDate "2015.05.09"]
[EventType "swiss"]
[EventRounds "9"]
[EventCountry "GER"]
[SourceTitle "EXT 2018"]
[Source "ChessBase"]
[SourceDate "2017.10.13"]
[SourceVersion "1"]
[SourceVersionDate "2017.10.13"]
[SourceQuality "1"]

1. d4 Nf6 2. Nf3 e6 3. c4 Bb4+ 4. Bd2 Be7 5. Nc3 d5 6. Bg5 0-0 7. e3 h6 8. Bh4 b6 9. cxd5 exd5 10. Bd3 c5 11. Rc1 Bb7 12. 0-0 Nbd7 13. h3 Rc8 14. Bg3 Ne4 15. Bf4 a6 16. dxc5 Ndxc5 17. Bb1 Bf6 18. Nd4 Ne6 19. Nxe6 fxe6 20. Nxe4 dxe4 21. Qg4 Rxc1 22. Qxe6+ Kh8 23. Rxc1 Qd2 24. Rf1 Qxb2 25. Bxe4 Bxe4 26. Qxe4 Qxa2 27. Qb4 Rc8 1/2-1/2

[Event "Schleswig Holstein-ch Seniors op"]
[Site "Buesum"]
[Date "2014.10.03"]
[Round "9"]
[White "Kreie, Guenther"]
[Black "Linz, Stefan"]
[Result "1-0"]
[WhiteElo "1868"]
[BlackElo "1709"]
[PlyCount "44"]
[EventDate "2014.09.25"]
[EventType "swiss"]
[EventRounds "9"]
[EventCountry "GER"]
[SourceTitle "EXT 2018"]
[Source "ChessBase"]
[SourceDate "2017.10.13"]
[SourceVersion "1"]
[SourceVersionDate "2017.10.13"]
[SourceQuality "1"]

1. e4 g6 2. d4 Bg7 3. Nc3 d6 4. f4 Nf6 5. Nf3 a6 6. e5 Ng4 7. Bd3 Nh6 8. 0-0 0-0 9. Qe1 Kh8 10. h3 Bf5 11. Bxf5 Nxf5 12. g4 Nh6 13. Be3 e6 14. Qd2 Ng8 15. Qf2 d5 16. Ng5 Qe7 17. f5 Bh6 18. f6 Qb4 19. Rab1 Nc6 20. a3 Qc4 21. Rfd1 Na7 22. Rd3 Nb5 1-0

[Event "Schleswig Holstein-ch Seniors op"]
[Site "Buesum"]
[Date "2014.10.02"]
[Round "8"]
[White "Merettig, Georg"]
[Black "Kreie, Guenther"]
[Result "1-0"]
[WhiteElo "1928"]
[BlackElo "1868"]
[PlyCount "55"]
[EventDate "2014.09.25"]
[EventType "swiss"]
[EventRounds "9"]
[EventCountry "GER"]
[SourceTitle "EXT 2018"]
[Source "ChessBase"]
[SourceDate "2017.10.13"]
[SourceVersion "1"]
[SourceVersionDate "2017.10.13"]
[SourceQuality "1"]

1. Nc3 d5 2. f4 d4 3. Ne4 e5 4. fxe5 Qd5 5. d3 Qxe5 6. Nf3 Qd5 7. c4 Qd8 8. e3 Nc6 9. Be2 Bb4+ 10. Bd2 Bxd2+ 11. Qxd2 dxe3 12. Qxe3 Qe7 13. Qf2 Bf5 14. Nc3 0-0-0 15. 0-0 Bg4 16. Nd5 Qd6 17. b4 b6 18. b5 Nce7 19. Nd4 Nxd5 20. Bxg4+ f5 21. Qxf5+ Kb8 22. Qxd5 Qxd5 23. cxd5 Nf6 24. Be6 Rhe8 25. Rac1 Nxd5 26. Bxd5 Rxd5 27. Rf7 Rxd4 28. Rcxc7 1-0

[Event "Schleswig Holstein-ch Seniors op"]
[Site "Buesum"]
[Date "2014.09.29"]
[Round "5"]
[White "Kreie, Guenther"]
[Black "Krotofil, Kurt"]
[Result "0-1"]
[WhiteElo "1868"]
[BlackElo "1954"]
[PlyCount "76"]
[EventDate "2014.09.25"]
[EventType "swiss"]
[EventRounds "9"]
[EventCountry "GER"]
[SourceTitle "EXT 2018"]
[Source "ChessBase"]
[SourceDate "2017.10.13"]
[SourceVersion "1"]
[SourceVersionDate "2017.10.13"]
[SourceQuality "1"]

1. e4 c5 2. Nf3 Nc6 3. d4 cxd4 4. Nxd4 Nf6 5. Nc3 e5 6. Ndb5 d6 7. Na3 Be7 8. Nc4 a6 9. Ne3 0-0 10. Be2 Nd4 11. Ned5 Nxd5 12. Nxd5 Be6 13. Nxe7+ Qxe7 14. 0-0 Rac8 15. Bd3 f5 16. c3 fxe4 17. Bxe4 Nf5 18. Bxf5 Rxf5 19. Be3 Qh4 20. g3 Qh3 21. f3 Bc4 22. Rf2 Rcf8 23. b3 Bb5 24. Qd5+ R5f7 25. Qxd6 Rxf3 26. Qd5+ R3f7 27. Rxf7 Rxf7 28. Qd8+ Rf8 29. Qd5+ Kh8 30. Qg2 Qd7 31. c4 Bc6 32. Qd2 Qh3 33. Rd1 h5 34. Bc5 Rf7 35. Qc2 g6 36. Qd2 Kh7 37. Re1 h4 38. Bf2 Qg2# 0-1

[Event "Schleswig Holstein-ch Seniors op"]
[Site "Buesum"]
[Date "2014.09.27"]
[Round "3"]
[White "Kreie, Guenther"]
[Black "Lehmann, Erwin"]
[Result "0-1"]
[WhiteElo "1868"]
[BlackElo "1994"]
[PlyCount "114"]
[EventDate "2014.09.25"]
[EventType "swiss"]
[EventRounds "9"]
[EventCountry "GER"]
[SourceTitle "EXT 2018"]
[Source "ChessBase"]
[SourceDate "2017.10.13"]
[SourceVersion "1"]
[SourceVersionDate "2017.10.13"]
[SourceQuality "1"]

1. e4 d5 2. exd5 Qxd5 3. Nc3 Qa5 4. d4 c6 5. Nf3 Nf6 6. Bc4 Bf5 7. Ne5 e6 8. 0-0 Nbd7 9. Nxd7 Nxd7 10. Bf4 Bb4 11. Bd3 0-0 12. Ne2 Nf6 13. Be5 Bxd3 14. Qxd3 Be7 15. c3 Nd7 16. Bg3 Rfd8 17. Qe3 Rac8 18. Rfd1 Nb6 19. Qf3 Bf6 20. Nf4 Qf5 21. Qd3 Qxd3 22. Nxd3 Nd5 23. a4 a5 24. h3 b6 25. Ne5 Bxe5 26. Bxe5 Rd7 27. Kf1 Rcd8 28. Ke2 f6 29. Bg3 g5 30. f3 Kf7 31. Rf1 c5 32. f4 gxf4 33. Bxf4 Nxf4+ 34. Rxf4 cxd4 35. Rxd4 Rxd4 36. cxd4 Rxd4 37. b3 Rb4 38. Rb1 h5 39. Kd3 e5 40. Kc3 h4 41. Rd1 Ke6 42. Rd8 Kf5 43. Rh8 Kg5 44. Rg8+ Kf4 45. Rg4+ Ke3 46. Rg6 f5 47. Rg5 Rf4 48. Rg6 Kf2 49. Kd2 e4 50. Re6 e3+ 51. Rxe3 Rd4+ 52. Rd3 Rxd3+ 53. Kxd3 Kxg2 54. Ke3 Kg3 55. Ke2 f4 56. Kf1 Kxh3 57. Kf2 Kg4 0-1

[Event "GER-chA Seniors 26th"]
[Site "Bad Neuenahr"]
[Date "2014.08.08"]
[Round "4"]
[White "Kreie, Guenther"]
[Black "Lueders, Guenter"]
[Result "1/2-1/2"]
[WhiteElo "1911"]
[BlackElo "1841"]
[PlyCount "63"]
[EventDate "2014.08.05"]
[EventType "swiss"]
[EventRounds "9"]
[EventCountry "GER"]
[SourceTitle "EXT 2018"]
[Source "ChessBase"]
[SourceDate "2017.10.13"]
[SourceVersion "1"]
[SourceVersionDate "2017.10.13"]
[SourceQuality "1"]

1. e4 c5 2. Nf3 Nc6 3. d4 cxd4 4. Nxd4 d6 5. Nc3 Nf6 6. Be2 g6 7. 0-0 Bg7 8. Nb3 0-0 9. Kh1 Bd7 10. f4 a6 11. Bf3 Qc7 12. Be3 b5 13. a3 Rac8 14. Qe2 Be6 15. Nd5 Bxd5 16. exd5 Na5 17. Nxa5 Qxa5 18. c3 e6 19. Rad1 exd5 20. Bxd5 Nxd5 21. Rxd5 Rc6 22. Qd2 Rd8 23. Bd4 Bxd4 24. Qxd4 Qc7 25. f5 Qe7 26. f6 Qe2 27. Qf2 Qxf2 28. Rxf2 Re8 29. g4 Re6 30. g5 Rc5 31. Rxc5 dxc5 32. Kg2 1/2-1/2

[Event "GER-chA Seniors 26th"]
[Site "Bad Neuenahr"]
[Date "2014.08.06"]
[Round "2"]
[White "Galicki, Ryszard"]
[Black "Kreie, Guenther"]
[Result "1-0"]
[WhiteElo "1969"]
[BlackElo "1911"]
[PlyCount "49"]
[EventDate "2014.08.05"]
[EventType "swiss"]
[EventRounds "9"]
[EventCountry "GER"]
[SourceTitle "EXT 2018"]
[Source "ChessBase"]
[SourceDate "2017.10.13"]
[SourceVersion "1"]
[SourceVersionDate "2017.10.13"]
[SourceQuality "1"]

1. e4 e5 2. d4 exd4 3. Nf3 Nc6 4. Nxd4 Qf6 5. Be3 Bc5 6. c3 d6 7. Bb5 Nge7 8. 0-0 0-0 9. Nxc6 bxc6 10. Bxc5 cxb5 11. Bd4 Qe6 12. Nd2 Qg6 13. f4 f5 14. e5 Bb7 15. Nf3 dxe5 16. Bxe5 Rad8 17. Qb3+ Kh8 18. Qxb5 Rd2 19. Rf2 Rxf2 20. Kxf2 Bc6 21. Qc5 Bxf3 22. gxf3 Qb6 23. Qxb6 cxb6 24. Bd6 Re8 25. Re1 1-0

[Event "GER-chA Seniors 26th"]
[Site "Bad Neuenahr"]
[Date "2014.08.05"]
[Round "1"]
[White "Kreie, Guenther"]
[Black "Limberg, Siegfried"]
[Result "0-1"]
[WhiteElo "1911"]
[BlackElo "2085"]
[PlyCount "57"]
[EventDate "2014.08.05"]
[EventType "swiss"]
[EventRounds "9"]
[EventCountry "GER"]
[SourceTitle "EXT 2018"]
[Source "ChessBase"]
[SourceDate "2017.10.13"]
[SourceVersion "1"]
[SourceVersionDate "2017.10.13"]
[SourceQuality "1"]

1. e4 c5 2. Nf3 d6 3. d4 cxd4 4. Nxd4 Nf6 5. Nc3 a6 6. Bg5 e6 7. f4 Nbd7 8. Bc4 Qc7 9. Bxe6 fxe6 10. Nxe6 Qc4 11. Nd5 Qxe4+ 12. Kf2 Kf7 13. Ndc7 Rb8 14. Re1 Qf5 15. a3 h5 16. Nd8+ Kg8 17. b4 Ne4+ 18. Rxe4 Qxe4 19. c3 Nf6 20. Qb3+ d5 21. Re1 Qc4 22. Qc2 Ne4+ 23. Kg1 Qxc7 24. Rxe4 dxe4 25. Qxe4 b5 26. Qd5+ Kh7 27. Nf7 Qd7 28. Qe4+ Qf5 29. Qe8 0-1

[Event "Bad Woerishofen Seniors op 30th"]
[Site "Bad Woerishofen"]
[Date "2014.03.22"]
[Round "2"]
[White "Koch, Dieter"]
[Black "Kreie, Guenther"]
[Result "1-0"]
[WhiteElo "1809"]
[BlackElo "1939"]
[PlyCount "63"]
[EventDate "2014.03.21"]
[EventType "swiss"]
[EventRounds "9"]
[EventCountry "GER"]
[SourceTitle "EXT 2019"]
[Source "ChessBase"]
[SourceDate "2018.10.10"]
[SourceVersion "1"]
[SourceVersionDate "2018.10.10"]
[SourceQuality "1"]

1. d4 d5 2. Bg5 Nf6 3. Nd2 Ne4 4. Nxe4 dxe4 5. Bf4 e6 6. e3 Bd6 7. Bg3 Nd7 8. Ne2 Nf6 9. Bh4 Be7 10. Bxf6 Bxf6 11. Ng3 g6 12. Nxe4 Bg7 13. f4 Bd7 14. Be2 Bc6 15. Bf3 Bb5 16. a4 Ba6 17. Nc5 Bc4 18. Bxb7 0-0 19. Bxa8 Qxa8 20. Qf3 Bd5 21. e4 Bxd4 22. exd5 Bxc5 23. 0-0-0 exd5 24. Rxd5 Be3+ 25. Kb1 Bxf4 26. Rhd1 Bd6 27. h4 Qe8 28. b3 Qe7 29. h5 Be5 30. Qe4 f6 31. Qc4 Kg7 32. Rd7 1-0

[Event "Bad Woerishofen Seniors op 30th"]
[Site "Bad Woerishofen"]
[Date "2014.03.21"]
[Round "1"]
[White "Kreie, Guenther"]
[Black "Kearsley, Raymond J"]
[Result "0-1"]
[WhiteElo "1939"]
[BlackElo "1700"]
[PlyCount "162"]
[EventDate "2014.03.21"]
[EventType "swiss"]
[EventRounds "9"]
[EventCountry "GER"]
[SourceTitle "EXT 2019"]
[Source "ChessBase"]
[SourceDate "2018.10.10"]
[SourceVersion "1"]
[SourceVersionDate "2018.10.10"]
[SourceQuality "1"]

1. e4 c5 2. d4 cxd4 3. c3 d3 4. Bxd3 Nc6 5. Nf3 e6 6. 0-0 Nf6 7. h3 h6 8. Be3 Be7 9. b4 a6 10. a4 d5 11. Nbd2 dxe4 12. Nxe4 Nxe4 13. Bxe4 Qc7 14. Qe2 0-0 15. Nd4 Bd7 16. Nxc6 Bxc6 17. Bxc6 Qxc6 18. Bd4 Rfd8 19. Rfd1 Rd7 20. b5 axb5 21. axb5 Qc8 22. Rxa8 Qxa8 23. Qg4 Bf8 24. Re1 Rd5 25. b6 Rg5 26. Qd1 Qa5 27. c4 Bc5 28. Bxc5 Qxc5 29. Qd8+ Kh7 30. Qc7 Qxc7 31. bxc7 Rc5 32. Rb1 Rxc7 33. h4 Rxc4 34. Rxb7 f6 35. g3 e5 36. Kg2 e4 37. Re7 Kg6 38. f4 f5 39. Kf2 Rc2+ 40. Kf1 Rc3 41. Kf2 Rc5 42. Ra7 Rc2+ 43. Kf1 e3 44. Re7 Rf2+ 45. Ke1 Rf3 46. Ke2 Rxg3 47. Re5 Kf6 48. h5 Rh3 49. Ra5 Rxh5 50. Kxe3 Rh3+ 51. Kf2 Kg6 52. Kg2 Re3 53. Kf2 Re4 54. Kf3 Kf6 55. Ra6+ Re6 56. Ra8 g5 57. Rh8 Kg7 58. Ra8 g4+ 59. Kf2 h5 60. Kg3 Kg6 61. Rg8+ Kh6 62. Rh8+ Kg7 63. Rxh5 Re3+ 64. Kg2 Kg6 65. Rh8 Rf3 66. Rg8+ Kf7 67. Rg5 Rxf4 68. Kg3 Rf3+ 69. Kg2 Kf6 70. Rg8 Ke5 71. Ra8 Re3 72. Ra5+ Kf4 73. Ra4+ Re4 74. Ra3 Rd4 75. Kf2 Rd2+ 76. Kf1 g3 77. Kg1 Kg4 78. Ra8 Kf3 79. Ra3+ Kg4 80. Ra8 f4 81. Ra4 Kh3 0-1

[Event "MVP-ch Seniors op 12th"]
[Site "Binz"]
[Date "2012.11.29"]
[Round "2"]
[White "Muehlhan, Klaus"]
[Black "Kreie, Guenther"]
[Result "1-0"]
[WhiteElo "1906"]
[BlackElo "1770"]
[PlyCount "44"]
[EventDate "2012.11.28"]
[EventType "swiss"]
[EventRounds "9"]
[EventCountry "GER"]
[SourceTitle "EXT 2014"]
[Source "ChessBase"]
[SourceDate "2013.11.20"]
[SourceVersion "1"]
[SourceVersionDate "2013.11.20"]
[SourceQuality "1"]

1. Nf3 d5 2. e3 Nf6 3. c4 e6 4. Nc3 Be7 5. b3 Nbd7 6. Bb2 0-0 7. Be2 b6 8. 0-0 Bb7 9. Rc1 Rc8 10. Nb5 a6 11. Na3 c5 12. Nc2 dxc4 13. Bxc4 Bd6 14. Nce1 e5 15. a4 e4 16. Ng5 h6 17. Nh3 Ne5 18. Be2 Ng6 19. f4 exf3 20. Nxf3 Ng4 21. Nf4 N6e5 22. Nxe5 Nxe5 1-0

[Event "MVP-ch Seniors op 12th"]
[Site "Binz"]
[Date "2012.11.28"]
[Round "1"]
[White "Kreie, Guenther"]
[Black "Graffenberger, Marianne"]
[Result "1-0"]
[WhiteElo "1770"]
[BlackElo "1173"]
[PlyCount "69"]
[EventDate "2012.11.28"]
[EventType "swiss"]
[EventRounds "9"]
[EventCountry "GER"]
[SourceTitle "EXT 2014"]
[Source "ChessBase"]
[SourceDate "2013.11.20"]
[SourceVersion "1"]
[SourceVersionDate "2013.11.20"]
[SourceQuality "1"]

1. e4 e5 2. Nf3 Nc6 3. Bc4 Be7 4. 0-0 Nf6 5. Nc3 d6 6. h3 0-0 7. d4 exd4 8. Nxd4 Ne5 9. Be2 c5 10. Nf3 Nxf3+ 11. Bxf3 Rb8 12. Bf4 Ra8 13. Bh2 Qb6 14. Rb1 Rd8 15. Qe2 a6 16. Rfd1 Bd7 17. g4 Bb5 18. Nxb5 axb5 19. a3 b4 20. Bg2 Bf8 21. Kh1 Re8 22. g5 Nd7 23. f4 f6 24. Qc4+ Kh8 25. e5 fxe5 26. f5 Qc7 27. axb4 Nb6 28. Qh4 cxb4 29. Bg1 Rad8 30. b3 e4 31. Bxe4 d5 32. g6 h6 33. Bd4 Rxe4 34. Qxh6+ Kg8 35. Qh7# 1-0

[Event "GER-ch Seniors"]
[Site "Dresden"]
[Date "2012.08.17"]
[Round "9"]
[White "Kreie, Guenther"]
[Black "Jung, Michael"]
[Result "1-0"]
[WhiteElo "1958"]
[BlackElo "1803"]
[PlyCount "28"]
[EventDate "2012.08.09"]
[EventType "swiss"]
[EventRounds "9"]
[EventCountry "GER"]
[SourceTitle "EXT 2014"]
[Source "ChessBase"]
[SourceDate "2013.11.20"]
[SourceVersion "1"]
[SourceVersionDate "2013.11.20"]
[SourceQuality "1"]

1. e4 Nf6 2. e5 Nd5 3. d4 d6 4. Nf3 dxe5 5. Nxe5 c6 6. Bd3 Nd7 7. 0-0 g6 8. Qe2 Bg7 9. a3 0-0 10. c4 N5f6 11. Re1 Re8 12. h3 Qb6 13. Nc3 Qxd4 14. Qe3 Qc5 1-0

[Event "GER-ch Seniors"]
[Site "Dresden"]
[Date "2012.08.14"]
[Round "6"]
[White "Goerden, Hans Juergen"]
[Black "Kreie, Guenther"]
[Result "1-0"]
[WhiteElo "1938"]
[BlackElo "1958"]
[PlyCount "74"]
[EventDate "2012.08.09"]
[EventType "swiss"]
[EventRounds "9"]
[EventCountry "GER"]
[SourceTitle "EXT 2014"]
[Source "ChessBase"]
[SourceDate "2013.11.20"]
[SourceVersion "1"]
[SourceVersionDate "2013.11.20"]
[SourceQuality "1"]

1. e4 c5 2. c4 Nc6 3. Nf3 d6 4. d4 cxd4 5. Nxd4 Nf6 6. Nc3 Qa5 7. Nb3 Qd8 8. Be2 e6 9. Be3 Be7 10. 0-0 0-0 11. f4 Rb8 12. Bf3 a6 13. Qe2 Qc7 14. Rac1 Qd7 15. Rfd1 Qe8 16. Rd2 Nd7 17. Rcd1 Kh8 18. a4 Rg8 19. Kh1 Qf8 20. a5 Nc5 21. Nxc5 dxc5 22. e5 f6 23. Bxc6 bxc6 24. exf6 gxf6 25. Ne4 e5 26. h3 Be6 27. fxe5 fxe5 28. Nd6 Rb3 29. Bxc5 Qg7 30. Rd3 Rxd3 31. Rxd3 Bxc4 32. Nxc4 Bxc5 33. Qxe5 Qxe5 34. Nxe5 Rf8 35. Nxc6 h6 36. Rd8 Rxd8 37. Nxd8 Kg7 1-0